Normal view
MARC view
Entry Personal Name
001 - CONTROL NUMBER
- control field: 29976
003 - CONTROL NUMBER IDENTIFIER
- control field: dpl
005 - DATE AND TIME OF LATEST TRANSACTION
- control field: 20110722160724.0
008 - FIXED-LENGTH DATA ELEMENTS
- fixed length control field: 110722|||a|||||| | ||| d
040 ## - CATALOGING SOURCE
- Original cataloging agency: dpl
- Transcribing agency: dpl
100 ## - HEADING--PERSONAL NAME
- Personal name: देवताले, चन्द्रकान्त
670 ## - SOURCE DATA FOUND
- Source citation: Work cat.: (dpl)36812: देवताले, चन्द्रकान्त, पत्थर फेंक रहा हूँ /, 2010
670 ## - SOURCE DATA FOUND
- Source citation: Work cat.: (dpl)36812: देवताले, चन्द्रकान्त, पत्थर फेंक रहा हूँ /, 2010
